Statistics for 2012 FA Cup Final (Chelsea vs Liverpool) - Lineups

Click here to take the quiz!

General Stats

  • This quiz has been taken 209 times
  • The average score is 22 of 38

Answer Stats

PositionAnswer% Correct
GKPetr Čech
94%
CB (C)John Terry
93%
AM (C)Steven Gerrard
90%
CF (2:0)Didier Drogba
90%
CMFrank Lampard
88%
LBAshley Cole
87%
GKPepe Reina
85%
CFLuis Suarez
74%
FWFernando Torres
73%
DFJamie Carragher
69%
CBMartin Škrtel
69%
CoachRoberto Di Matteo
66%
FW (54',2:1)Andy Carroll
65%
CBBranislav Ivanović
65%
CBDaniel Agger
64%
RW (75',1:0)Ramires
62%
CMJohn Obi Mikel
62%
LWSalomon Kalou
62%
MF (90')Florent Malouda
61%
RBJose Bosingwa
61%
RBGlen Johnson
59%
FWDaniel Sturridge
58%
MFMichael Essien
55%
CMJordan Henderson
55%
AM (90')Juan Mata
54%
FW (76')Dirk Kuyt
48%
CoachKenny Dalglish
47%
MF (75')Raul Meireles
44%
LBJose Enrique
40%
GKRoss Turnbull
39%
LWStewart Downing
37%
RW (76')Craig Bellamy
31%
DFPaulo Ferreira
27%
MFJonjo Shelvey
26%
CM (54')Jay Spearing
26%
MFMaxi Rodriguez
24%
GKDoni
19%
DFMartin Kelly
18%

Score Distribution

Percentile by Number Answered

Percent of People with Each Score

Your Score History

You have not taken this quiz